Advances in agronomy. V.84 (Record no. 42306)

MARC details
000 -LEADER
fixed length control field 00360nam a2200133Ia 4500
020 ## - INTERNATIONAL STANDARD BOOK NUMBER
ISBN 0120007827
082 ## - DEWEY DECIMAL CLASSIFICATION NUMBER
Classification number 631/635
Item number ADV.84
100 ## - MAIN ENTRY--AUTHOR NAME
Personal name Sparks, Donald L
245 #0 - TITLE STATEMENT
Title Advances in agronomy. V.84
260 ## - PUBLICATION, DISTRIBUTION, ETC. (IMPRINT)
Place of publication Amsterdam
Name of publisher Elsevier Academic Press
Year of publication 2004
650 ## - SUBJECT ADDED ENTRY--TOPICAL TERM
Topical Term Calcium uptake modelling
942 ## - ADDED ENTRY ELEMENTS (KOHA)
Koha item type Books
Holdings
Withdrawn status Lost status Damaged status Not for loan Home library Current library Date acquired Cost, normal purchase price Full call number Accession Number Koha item type
        RRII Library RRII Library 16/12/2021 134.95 631/635 ADV.84 22580 Books